Meditation in Schools. (Record no. 3781)

MARC details
000 -LEADER
fixed length control field 00524nam a22001937a 4500
003 - CONTROL NUMBER IDENTIFIER
control field OSt
005 - DATE AND TIME OF LATEST TRANSACTION
control field 20160426165821.0
008 - FIXED-LENGTH DATA ELEMENTS--GENERAL INFORMATION
fixed length control field 160426b xxu||||| |||| 00| 0 eng d
020 ## - INTERNATIONAL STANDARD BOOK NUMBER
International Standard Book Number 082644976x
040 ## - CATALOGING SOURCE
Transcribing agency DDC.
082 ## - DEWEY DECIMAL CLASSIFICATION NUMBER
Classification number 371MED 2001.
100 ## - MAIN ENTRY--PERSONAL NAME
Personal name Edited by,Erricker,Clive;Erricker ,Jane;
9 (RLIN) 8322
245 ## - TITLE STATEMENT
Title Meditation in Schools.
Remainder of title Calmer Classrooms.
260 ## - PUBLICATION, DISTRIBUTION, ETC. (IMPRINT)
Place of publication, distribution, etc. New York.
Name of publisher, distributor, etc. Continuum.
Date of publication, distribution, etc. 2001.
300 ## - PHYSICAL DESCRIPTION
Extent x,156p;
Other physical details ill;
Dimensions 25cm.
504 ## - BIBLIOGRAPHY, ETC. NOTE
Bibliography, etc includes index.
650 ## - SUBJECT ADDED ENTRY--TOPICAL TERM
Topical term or geographic name as entry element Education.
9 (RLIN) 1404
942 ## - ADDED ENTRY ELEMENTS (KOHA)
Source of classification or shelving scheme Dewey Decimal Classification
Koha item type Short Loan
Holdings
Withdrawn status Lost status Source of classification or shelving scheme Damaged status Not for loan Home library Current library Date acquired Source of acquisition Inventory number Total Checkouts Full call number Barcode Date last seen Price effective from Koha item type
    Dewey Decimal Classification     MUST Main Library MUST Main Library 26/04/2016   2001/15763   371MED 2001. 2016-1407 26/04/2016 26/04/2016 Short Loan
    Dewey Decimal Classification     MUST Main Library MUST Main Library 25/06/2024 Donation 03/20468   371.3MED 2001. 2024-21324 25/06/2024 25/06/2024 Short Loan